Dans quel club n’a pas joué ce footballeur ? #4 - Statistiques

Statistiques générales
  • Ce quiz a été pris 155 fois
  • Le résultat moyen est 6 sur 12
Statistiques - réponses
Question Réponse % Correct
Mauro Icardi
85%
Lucas Hernandez
80%
Hatem Ben Arfa
75%
Fabien Barthez
65%
Fernando Morientes
65%
Serge Aurier
60%
Willian
35%
Yerry Mina
30%
Samuel Eto’o
30%
Andy Cole
20%
Roberto Baggio
20%
Luiz Gustavo
15%
Aucun quiz correspondant
Distribution des résultats
% des personnes avec chaque résultat
Percentile par nombre de réponses
Votre historique - résultats
Vous n’avez pas pris ce quiz